| 000 | 01816nam a2200289Ia 4500 | ||
|---|---|---|---|
| 003 | PE SENCICO BE | ||
| 005 | 20251020182426.0 | ||
| 008 | 200515s9999 xx 000 0 und d | ||
| 020 | _a84-9704-041-4 | ||
| 040 |
_aPE SENCICO BE _cPE SENCICO BE |
||
| 041 | _aspa | ||
| 082 |
_a025.0072 _bL83 |
||
| 100 | 1 |
_aDelgado López-Cózar, Emilio _92216 _eautor |
|
| 245 | 1 | 0 |
_aLa investigación en biblioteconomía y documentación / _cEmilio Delgado López-Cózar |
| 250 | _a[1a ed.] | ||
| 260 |
_aGuijón : _bTrea ; _c2002 |
||
| 300 |
_a254 p. : _btbl., graf. ; _c22 cm. |
||
| 490 | _aBiblioteconomía y Administración Cultural | ||
| 505 | 0 | _aDos notas previas: Esbozo histórico de la biblioteconomía y documentación -- Investigación y ciencia: la institucionalización social y cognitiva de una disciplina -- La literatura de investigación en biblioteconomía y documentación: la actividad investigadora -- Orientación temática de la investigación -- Orientación metodológica de la investigación en biblioteconomía y documentación -- Técnicas de datos empleados en la investigación en biblioteconomía y documentación -- Calidad de la investigación -- Hacia una caracterización de la investigación en la biblioteconomía y documentación -- La investigación teórica: el agujero negro de biblioteconomía y documentación. | |
| 520 | 3 | _aSe basa en el análisis de más de cincuenta trabajos observacionales que se han ocupado de todos los aspectos relativos a la investigación en Bibliotecología y Documentación en los más diversos y variados países del mundo. | |
| 650 | 1 | 0 |
_aBibliotecología _92217 |
| 650 | 2 | 0 |
_aBiblioteconomía _91536 |
| 650 | 2 | 0 |
_aInvestigación _9156 |
| 650 | 2 | 0 |
_aDocumentación _92184 |
| 650 | 2 | 0 |
_aMetodología de la investigación _9260 |
| 942 |
_cLIB _2ddc |
||
| 999 |
_c96 _d96 |
||